[Event "Vince Toth mem 2nd"]
[Site "Rio de Janeiro"]
[Date "2000.03.01"]
[Round "7"]
[White "Matsuura, Everaldo"]
[Black "Limp, Eduardo"]
[Result "0-1"]
[WhiteElo "2441"]
[BlackElo "2420"]
[PlyCount "122"]
[EventDate "2000.02.25"]
[Source "ChessBase"]
[SourceDate "2000.03.10"]

1. e4 d5 2. exd5 Qxd5 3. Nc3 Qa5 4. d4 Nf6 5. Nf3 Bg4 6. h3 Bxf3 7. Qxf3 c6 8. Bc4 e6 9. O-O Nbd7 10. Ne4 Nxe4 11. Qxe4 Be7 12. c3 Nf6 13. Qf3 O-O 14. Bf4 Nd5 15. Be5 Rfd8 16. Rfe1 Bd6 17. Bd3 Bxe5 18. Rxe5 Qc7 19. Rae1 Nf6 20. h4 Rd5 21. Bc4 Rxe5 22. dxe5 Nd7 23. h5 h6 24. Qe4 Rd8 25. Bd3 Nf8 26. Re3 Rd5 27. c4 Rd7 28. Rg3 Qd8 29. Qg4 f5 30. exf6 Qxf6 31. b3 Qa1+ 32. Kh2 Qxa2 33. Rf3 Qa3 34. g3 Qd6 35. Bg6 e5 36. Bf5 Rf7 37. Qe4 Rf6 38. Rd3 Qe7 39. Kg2 Qf7 40. g4 Qc7 41. c5 b5 42. cxb6 axb6 43. Re3 Nd7 44. Qc4+ Kf8 45. Bh7 Rf7 46. Rf3 Rxf3 47. Qg8+ Ke7 48. Kxf3 e4+ 49. Bxe4 Qe5 50. Bf5 b5 51. Qc8 Qd5+ 52. Ke2 Ne5 53. f4 Qf3+ 54. Ke1 Qe3+ 55. Kd1 Qxb3+ 56. Kc1 Qc3+ 57. Kb1 Qe1+ 58. Kc2 Qe2+ 59. Kb1 Qd1+ 60. Ka2 Qd5+ 61. Kb1 Nc4 0-1

[Event "Waikiki"]
[Site "?"]
[Date "1997.??.??"]
[Round "?"]
[White "Gufeld, E."]
[Black "Stefanova, A."]
[Result "0-1"]
[WhiteElo "2450"]
[BlackElo "2410"]
[PlyCount "126"]
[EventDate "1997.??.??"]
[Source "ChessBase"]
[SourceDate "1997.02.01"]

1. e4 d5 2. exd5 Qxd5 3. Nc3 Qa5 4. d4 Nf6 5. Nf3 Bg4 6. h3 Bh5 7. g4 Bg6 8. Ne5 c6 9. Nc4 Qc7 10. h4 Nd5 11. Nxd5 cxd5 12. Ne5 Bxc2 13. Bb5+ Nc6 14. Bxc6+ Qxc6 15. Qe2 Qa4 16. b3 Qb4+ 17. Bd2 Qb6 18. Rc1 Be4 19. f3 f6 20. fxe4 fxe5 21. exd5 exd4 22. Rf1 Qd6 23. Qe6 Qg3+ 24. Ke2 Rd8 25. Bg5 Qg2+ 26. Ke1 Qg3+ 27. Kd2 Qg2+ 28. Kd3 Qg3+ 29. Kxd4 Qd6 30. Qf7+ Kd7 31. Bf4 Qf6+ 32. Qxf6 gxf6 33. Rc7+ Ke8 34. Ke4 Rg8 35. g5 f5+ 36. Kxf5 Rxd5+ 37. Ke6 Rd8 38. Rxb7 Rg6+ 39. Kf5 a6 40. Rc1 Kf7 41. Rb8 Rxb8 42. Bxb8 Bg7 43. h5 Rb6 44. Bf4 Rb5+ 45. Ke4 Rb6 46. Kd5 Rb5+ 47. Ke4 Rb6 48. Bc7 Rb5 49. Kf4 h6 50. g6+ Ke8 51. Rd1 e6 52. Rd8+ Ke7 53. Rg8 Bc3 54. Bd8+ Kd7 55. Kg4 Rb8 56. Ba5 Rxg8 57. Bxc3 Ke7 58. Bd2 Rh8 59. Bxh6 Kf6 60. Bg5+ Kg7 61. Be7 Rb8 62. b4 Rb7 63. Bd6 Rd7 0-1

[Event "BL2-W 9899"]
[Site "?"]
[Date "1998.12.13"]
[Round "3.4"]
[White "David Alberto"]
[Black "Buecker Stefan"]
[Result "0-1"]
[WhiteElo "2520"]
[BlackElo "2340"]
[PlyCount "90"]
[EventDate "1998.??.??"]
[Source "www.chesslib.no"]
[SourceDate "2004.05.04"]

1. e4 d5 2. exd5 Qxd5 3. Nc3 Qa5 4. d4 Nf6 5. Nf3 Bg4 6. h3 Bh5 7. g4 Bg6 8. Ne5 Nbd7 9. Nc4 Qa6 10. Bf4 Qe6+ 11. Ne3 Qb6 12. Nc4 Qe6+ 13. Ne3 Qb6 14. Bb5 O-O-O 15. O-O e5 16. dxe5 Nxe5 17. Qxd8+ Kxd8 18. Bxe5 Qe6 19. Rad1+ Kc8 20. Bf4 Bc5 21. Rfe1 Be4 22. Ned5 Nxd5 23. Rxe4 Nxf4 24. Rxe6 fxe6 25. Ne4 Bb6 26. Bf1 h6 27. c4 c6 28. b4 Bc7 29. Rd2 Rf8 30. Rd1 Be5 31. Rd2 Kc7 32. f3 Ba1 33. Kf2 e5 34. h4 Bd4+ 35. Kg3 Rd8 36. Rd1 Ne6 37. c5 b5 38. cxb6+ axb6 39. Bc4 Nf4 40. a4 Rf8 41. Rc1 Kd7 42. Rc2 Nd5 43. b5 Ne3 44. bxc6+ Kc7 45. Rc1 Bb2 0-1

[Event "Arandjelovac"]
[Site "Arandjelovac"]
[Date "1993.??.??"]
[Round "9"]
[White "Kovacevic, Aleksandar"]
[Black "Kosic, Dragan"]
[Result "1/2-1/2"]
[WhiteElo "2405"]
[BlackElo "2455"]
[PlyCount "34"]
[EventDate "1993.04.??"]
[Source "ChessBase"]

1. e4 d5 2. exd5 Qxd5 3. Nc3 Qa5 4. d4 Nf6 5. Nf3 Bg4 6. h3 Bxf3 7. Qxf3 c6 8. Bd3 e6 9. O-O Nbd7 10. Ne4 Be7 11. c3 O-O 12. Bf4 Nxe4 13. Bxe4 Nf6 14. Bc2 Qh5 15. Qd3 Nd5 16. Bd2 Qg6 17. Qxg6 hxg6 1/2-1/2

[Event "Dos Hermanas op 3rd"]
[Site "Dos Hermanas"]
[Date "2002.04.10"]
[Round "6"]
[White "Rizouk, Aimen"]
[Black "Hernando Rodrigo, Jose Maria"]
[Result "1-0"]
[WhiteElo "2467"]
[BlackElo "2389"]
[PlyCount "45"]
[EventDate "2002.04.05"]
[Source "ChessBase"]
[SourceDate "2002.05.03"]

1. e4 d5 2. exd5 Qxd5 3. Nc3 Qa5 4. d4 Nf6 5. Nf3 Bg4 6. h3 Bh5 7. Bc4 Nc6 8. g4 Nxg4 9. hxg4 Bxg4 10. Rg1 h5 11. d5 O-O-O 12. Bd2 Nd4 13. Rxg4 hxg4 14. Nxd4 Qb4 15. Qxg4+ f5 16. Qxf5+ e6 17. Nxe6 g6 18. Qe4 Rd6 19. O-O-O Rb6 20. Bb3 Qe7 21. Nxf8 Qxf8 22. Be3 Rb4 23. Bd4 1-0

[Event "SCCF-ch State"]
[Site "Los Angeles"]
[Date "2004.07.24"]
[Round "6"]
[White "Peters, John A"]
[Black "Deng, Kong Liang"]
[Result "1-0"]
[WhiteElo "2424"]
[BlackElo "2431"]
[PlyCount "99"]
[EventDate "2004.07.10"]
[Source "Roberto Alvarez"]
[SourceDate "2003.08.04"]

1. e4 d5 2. exd5 Qxd5 3. Nc3 Qa5 4. d4 Nf6 5. Nf3 Bg4 6. h3 Bh5 7. g4 Bg6 8. Ne5 e6 9. h4 Bb4 10. Bd2 Nbd7 11. Nc4 Qa6 12. h5 Bxc3 13. Bxc3 Be4 14. f3 Bd5 15. Ne5 Qb6 16. Rh3 Nxe5 17. dxe5 Nd7 18. Qd4 Qc6 19. Be2 Nb6 20. a4 a6 21. a5 Nd7 22. O-O-O O-O-O 23. b3 f6 24. exf6 gxf6 25. Kb2 Qd6 26. Qe3 e5 27. Bc4 c6 28. Rh2 Qc5 29. Qxc5 Nxc5 30. Bxd5 Rxd5 31. Re1 Ne6 32. Bd2 Rhd8 33. Kc1 Nd4 34. Re3 Rc5 35. Bb4 Rb5 36. Be7 Re8 37. Bxf6 Rxa5 38. f4 Ra1+ 39. Kb2 Rg1 40. Bxe5 Rd8 41. Bf6 Rd5 42. c3 Nb5 43. c4 Rd6 44. Be5 Rdd1 45. cxb5 axb5 46. g5 b4 47. Kc2 c5 48. g6 hxg6 49. h6 Rh1 50. Ree2 1-0

[Event "Barcelona Vulca"]
[Site "Barcelona"]
[Date "1991.??.??"]
[Round "6"]
[White "De la Riva Aguado, Oscar"]
[Black "Bellon Lopez, Juan Manuel"]
[Result "1/2-1/2"]
[WhiteElo "2360"]
[BlackElo "2495"]
[PlyCount "81"]
[EventDate "1991.06.??"]
[Source "ChessBase"]

1. e4 d5 2. exd5 Qxd5 3. Nc3 Qa5 4. d4 Nf6 5. Nf3 Bg4 6. h3 Bh5 7. g4 Bg6 8. Ne5 e6 9. Bg2 Be4 10. Bxe4 Nxe4 11. Qf3 Nd6 12. Bd2 f6 13. Ne4 Qd5 14. Nxd6+ Bxd6 15. Qxd5 exd5 16. Nd3 Nc6 17. c3 h5 18. O-O-O Ne7 19. Bf4 Rd8 20. Bxd6 Rxd6 21. Nf4 hxg4 22. hxg4 Rxh1 23. Rxh1 Kf7 24. Kd2 Ng6 25. Nxg6 Kxg6 26. Rh5 c6 27. f3 Rd8 28. Ke3 Re8+ 29. Kf2 b5 30. Rh1 a5 31. a3 Ra8 32. Re1 Kf7 33. Re3 g6 34. Kg3 Rh8 35. Re1 a4 36. f4 f5 37. g5 Rh5 38. Kg2 Rh4 39. Kg3 Rg4+ 40. Kf3 Rh4 41. Kg3 1/2-1/2

[Event "Reykjavik op"]
[Site "Reykjavik"]
[Date "2002.03.12"]
[Round "6"]
[White "Boricsev, Oleg"]
[Black "Danielsen, Henrik"]
[Result "0-1"]
[WhiteElo "2333"]
[BlackElo "2520"]
[PlyCount "70"]
[EventDate "2002.03.07"]
[Source "ChessBase"]
[SourceDate "2002.05.03"]

1. e4 d5 2. exd5 Qxd5 3. Nc3 Qa5 4. d4 Nf6 5. Nf3 Bg4 6. h3 Bh5 7. g4 Bg6 8. Ne5 Nbd7 9. Nc4 Qa6 10. Bf4 Qe6+ 11. Ne3 Qb6 12. g5 Qxb2 13. Na4 Qa3 14. c3 Nb6 15. gxf6 Nxa4 16. Bb5+ c6 17. Bxa4 Qxc3+ 18. Ke2 O-O-O 19. Qb3 Bd3+ 20. Kf3 Qxd4 21. Rhd1 Qe4+ 22. Kg3 e5 23. Bg5 gxf6 24. Rab1 b5 25. Bxb5 cxb5 26. Rbc1+ Kb8 27. Qxf7 Bd6 28. Qxf6 Rhg8 29. Kh2 Rgf8 30. Qxd8+ Rxd8 31. Bxd8 Qf4+ 32. Kg2 e4 33. Rh1 Qf3+ 34. Kg1 Bg3 35. Nd1 Bxf2+ 0-1

[Event "Vila de Marin Open 3rd"]
[Site "?"]
[Date "2003.07.23"]
[Round "9.4"]
[White "Perez Rodney"]
[Black "Gongora Maikel"]
[Result "1/2-1/2"]
[WhiteElo "2421"]
[BlackElo "2426"]
[PlyCount "23"]
[EventDate "2003.??.??"]
[Source "www.chesslib.no"]
[SourceDate "2004.05.04"]

1. e4 d5 2. exd5 Qxd5 3. Nc3 Qa5 4. d4 Nf6 5. Nf3 Bg4 6. h3 Bxf3 7. Qxf3 c6 8. Bd2 Nbd7 9. O-O-O e6 10. Kb1 Be7 11. g4 O-O 12. g5 1/2-1/2

[Event "Capablanca mem"]
[Site "Cienfuegos"]
[Date "1991.??.??"]
[Round "6"]
[White "Sariego, Wilfredo"]
[Black "Soppe, Guillermo"]
[Result "1/2-1/2"]
[WhiteElo "2420"]
[BlackElo "2425"]
[PlyCount "112"]
[EventDate "1991.??.??"]
[Source "ChessBase"]

1. e4 d5 2. exd5 Qxd5 3. Nc3 Qa5 4. d4 Nf6 5. Nf3 Bg4 6. h3 Bh5 7. g4 Bg6 8. Ne5 e6 9. Bg2 c6 10. h4 Nbd7 11. Nxd7 Kxd7 12. Bd2 h6 13. Nd5 Qa4 14. b3 Qxd4 15. Nxf6+ gxf6 16. Bc3 Qxd1+ 17. Rxd1+ Ke7 18. f4 Rg8 19. O-O Bh7 20. g5 hxg5 21. fxg5 fxg5 22. hxg5 Ke8 23. Rd7 Rxg5 24. Rdxf7 Bc5+ 25. Kh2 Bd6+ 26. Kg1 Be4 27. Rg7 Rxg7 28. Bxg7 Bxc2 29. Bd4 Bf5 30. Rd1 Ke7 31. Be3 Rg8 32. Bxa7 Be4 33. Rd2 Bd5 34. Kf1 Bxg2+ 35. Rxg2 Rxg2 36. Kxg2 c5 37. Bb6 Kd7 38. Kf3 Kc6 39. Bd8 Kb5 40. Bf6 Kb4 41. Bb2 b5 42. Ke4 Bc7 43. Kd3 c4+ 44. bxc4 bxc4+ 45. Kc2 e5 46. Bc1 Bb6 47. Bd2+ Kb5 48. Bg5 Bd4 49. Be7 e4 50. Kd2 c3+ 51. Kc2 Kc4 52. Bh4 Bc5 53. Be1 Bb4 54. Bf2 Ba5 55. Be3 Kd5 56. Kb3 Ke6 1/2-1/2

[Event "JUG-ch"]
[Site "Kladovo"]
[Date "1990.??.??"]
[Round "?"]
[White "Todorovic, Goran M"]
[Black "Laketic, Gojko"]
[Result "1-0"]
[WhiteElo "2415"]
[BlackElo "2425"]
[PlyCount "51"]
[EventDate "1990.02.??"]
[Source "ChessBase"]

1. e4 d5 2. exd5 Qxd5 3. Nc3 Qa5 4. d4 Nf6 5. Nf3 Bg4 6. h3 Bxf3 7. Qxf3 c6 8. Bd2 e6 9. Ne4 Bb4 10. Nxf6+ gxf6 11. c3 Be7 12. Bc4 Nd7 13. b4 Qc7 14. Qh5 Nf8 15. O-O Ng6 16. b5 f5 17. Rfe1 O-O-O 18. bxc6 Qxc6 19. Bf1 Rhg8 20. Kh1 Bd6 21. Rab1 Bf4 22. Bxf4 Nxf4 23. Qxf7 Rxg2 24. Rxe6 Qd5 25. Rb5 Qf3 26. Rc5+ 1-0

[Event "Asuncion"]
[Site "Asuncion PAR"]
[Date "1992.??.??"]
[Round "5"]
[White "Brito Garcia, Alfredo"]
[Black "Soppe, Guillermo G"]
[Result "0-1"]
[WhiteElo "2400"]
[BlackElo "2440"]
[PlyCount "66"]
[EventDate "1992.04.??"]
[Source "www.chesslib.no"]
[SourceDate "2004.05.04"]

1. e4 d5 2. exd5 Qxd5 3. Nc3 Qa5 4. d4 Nf6 5. Nf3 Bg4 6. h3 Bh5 7. g4 Bg6 8. Ne5 e6 9. Bg2 c6 10. h4 Nbd7 11. Nxd7 Kxd7 12. Bd2 h6 13. g5 hxg5 14. hxg5 Rxh1+ 15. Bxh1 Ne8 16. d5 cxd5 17. Nxd5 Qa4 18. Nc3 Qxc2 19. Qg4 Bd6 20. Ne4 Qxb2 21. Rd1 Bxe4 22. Bxe4 Qe5 23. Kf1 Rc8 24. Qf3 Ke7 25. Re1 Qd4 26. Be3 Qc4+ 27. Kg2 Qxa2 28. g6 Nf6 29. Bg5 Qa5 30. Bf5 Qxe1 31. Bxf6+ gxf6 32. g7 Qb4 33. Bh7 f5 0-1

[Event "Najdorf final KO"]
[Site "Buenos Aires"]
[Date "2000.09.09"]
[Round "1.1"]
[White "Andres Mendez, Miguel"]
[Black "Gomez Baillo, Jorge H"]
[Result "0-1"]
[WhiteElo "2382"]
[BlackElo "2456"]
[PlyCount "72"]
[EventDate "2000.09.09"]
[Source "ChessBase"]
[SourceDate "2000.11.21"]

1. e4 d5 2. exd5 Qxd5 3. Nc3 Qa5 4. d4 Nf6 5. Nf3 Bg4 6. h3 Bxf3 7. Qxf3 c6 8. Bd2 Nbd7 9. b4 Qb6 10. d5 cxd5 11. Nxd5 Nxd5 12. Qxd5 e6 13. Qb5 Qc7 14. Rc1 a6 15. Qc4 Qxc4 16. Bxc4 Rc8 17. Be2 Nf6 18. Bf3 Nd5 19. c4 Bxb4 20. Bxd5 Bxd2+ 21. Kxd2 exd5 22. cxd5 Kd7 23. Rb1 b5 24. Rhc1 Kd6 25. a4 Kxd5 26. axb5 Rxc1 27. Rxc1 axb5 28. Rc7 Rd8 29. Ke3 Ke6 30. Rb7 Rd5 31. Rb6+ Kd7 32. Rb7+ Kc6 33. Rxf7 b4 34. Ra7 b3 35. Ra6+ Kb5 36. Ra8 Kb4 0-1

[Event "VII Memorial Pablo Gorbea"]
[Site "Madrid"]
[Date "2003.09.09"]
[Round "9"]
[White "Del Rio Angelis, Salvador Gabriel"]
[Black "Hernando Rodrigo, Jose Maria"]
[Result "1/2-1/2"]
[WhiteElo "2479"]
[BlackElo "2357"]
[PlyCount "114"]
[EventDate "2003.09.01"]
[Source "Roberto Alvarez"]
[SourceDate "2003.09.15"]

1. e4 d5 2. exd5 Qxd5 3. Nc3 Qa5 4. d4 Nf6 5. Nf3 Bg4 6. h3 Bh5 7. g4 Bg6 8. Ne5 e6 9. Bg2 c6 10. O-O Nbd7 11. h4 Nxe5 12. dxe5 Qxe5 13. Re1 Qc7 14. h5 Bxc2 15. Qxc2 Nxg4 16. Qa4 Nf6 17. Bg5 Be7 18. h6 Rg8 19. Qh4 O-O-O 20. Rad1 Rxd1 21. Rxd1 Qe5 22. Bf4 Qf5 23. Qg5 Qxg5 24. Bxg5 gxh6 25. Bxh6 Ng4 26. Bf4 e5 27. Be3 Nxe3 28. fxe3 Bc5 29. Re1 f5 30. Kh2 Kc7 31. Bh3 Rg5 32. Rf1 Bxe3 33. Rxf5 Bf4+ 34. Kh1 Rg7 35. Ne4 Kb6 36. Rf8 Be3 37. Rf1 Bd4 38. Nd6 Rg3 39. Kh2 Rg6 40. Ne4 Ka5 41. Bf5 Rg7 42. b3 Kb4 43. Rc1 Rf7 44. Be6 Rf4 45. Re1 Ka3 46. Re2 Rf1 47. Bc8 b5 48. Rc2 Ra1 49. Bd7 Rxa2 50. Rxa2+ Kxa2 51. Bxc6 Kxb3 52. Bxb5 a5 53. Ng5 Bc5 54. Nf3 Kb4 55. Bc6 Bd6 56. Nxe5 Kc5 57. Be8 Kb4 1/2-1/2

[Event "JUG-ch"]
[Site "Zagreb"]
[Date "1977.??.??"]
[Round "9"]
[White "Martinovic, Slobodan"]
[Black "Ilievski, Dimitar"]
[Result "1/2-1/2"]
[WhiteElo "2415"]
[BlackElo "2420"]
[PlyCount "98"]
[EventDate "1977.02.??"]
[Source "ChessBase"]

1. e4 d5 2. exd5 Qxd5 3. Nc3 Qa5 4. d4 Nf6 5. Nf3 Bg4 6. h3 Bh5 7. g4 Bg6 8. Ne5 c6 9. Bg2 Nbd7 10. Qe2 e6 11. h4 Nxe5 12. dxe5 Nd5 13. Bxd5 exd5 14. h5 Bxc2 15. e6 f6 16. O-O d4 17. Qxc2 dxc3 18. Rd1 Be7 19. bxc3 Rd8 20. Rxd8+ Qxd8 21. Be3 Qd5 22. Qf5 Qd6 23. Bf4 Qd8 24. Rb1 b6 25. Rb2 Qd1+ 26. Kg2 O-O 27. Rd2 Qa4 28. Rd7 Re8 29. g5 Qb5 30. Qxb5 cxb5 31. g6 hxg6 32. hxg6 Bf8 33. Bd6 Bxd6 34. Rxd6 Kf8 35. Kf3 Ke7 36. Rc6 Rd8 37. Ke4 Rd6 38. Rc7+ Kxe6 39. Rxg7 f5+ 40. Kf4 Kf6 41. Rxa7 Kxg6 42. Rc7 Kf6 43. a3 Re6 44. f3 Rd6 45. Rc8 Re6 46. Rf8+ Kg7 47. Rc8 Kf6 48. Rc7 Kg6 49. Rd7 Rc6 1/2-1/2

[Event "Eerbeek"]
[Site "Eerbeek"]
[Date "1978.??.??"]
[Round "2"]
[White "Bellin, Robert"]
[Black "Bohm, Hans"]
[Result "1/2-1/2"]
[WhiteElo "2420"]
[BlackElo "2410"]
[PlyCount "112"]
[EventDate "1978.11.??"]
[Source "ChessBase"]

1. e4 d5 2. exd5 Qxd5 3. Nc3 Qa5 4. d4 Nf6 5. Nf3 Bg4 6. h3 Bh5 7. g4 Bg6 8. Ne5 e6 9. Nc4 Qa6 10. Ne5 Qb6 11. Bg2 Nbd7 12. Nxg6 hxg6 13. Qd3 c6 14. Bd2 Nd5 15. Nxd5 cxd5 16. O-O-O Bb4 17. f4 Bxd2+ 18. Rxd2 f5 19. Qg3 Kf7 20. gxf5 gxf5 21. Rg1 Rh7 22. Bf3 Nf6 23. Qg6+ Kf8 24. h4 Rc8 25. h5 Rc7 26. Kb1 Qd6 27. Re2 Rh6 28. Qg5 b5 29. Rge1 Ne4 30. Bxe4 dxe4 31. Rd1 Qe7 32. Rg2 Rd7 33. c3 a5 34. Qxe7+ Rxe7 35. Rg5 Rd7 36. Kc2 Rf6 37. a4 b4 38. cxb4 axb4 39. Kb3 Rb7 40. Rc1 Rff7 41. Rc4 Rfd7 42. Rg1 Rd8 43. Rxb4 Rxb4+ 44. Kxb4 Rxd4+ 45. Kb5 e3 46. Re1 Rd2 47. b4 e2 48. a5 e5 49. a6 Ra2 50. a7 Rxa7 51. Rxe2 exf4 52. Kb6 Ra3 53. Re5 g6 54. hxg6 Kg7 55. Rxf5 f3 56. b5 Kxg6 1/2-1/2

[Event "Catania Open"]
[Site "Catania"]
[Date "1991.??.??"]
[Round "?"]
[White "Kosten, Anthony C"]
[Black "Caposciutti, Maurizio"]
[Result "1-0"]
[WhiteElo "2515"]
[BlackElo "2315"]
[PlyCount "117"]
[EventDate "1991.??.??"]
[Source "www.chesslib.no"]
[SourceDate "2004.05.04"]

1. e4 d5 2. exd5 Qxd5 3. Nc3 Qa5 4. d4 Nf6 5. Nf3 Bg4 6. h3 Bh5 7. Bd2 c6 8. Bc4 e6 9. Nd5 Qd8 10. Nxf6+ gxf6 11. Be3 Nd7 12. Be2 Nb6 13. g4 Bg6 14. c4 Bb4+ 15. Kf1 Be7 16. Rg1 h5 17. Nh4 hxg4 18. Nxg6 fxg6 19. hxg4 Kf7 20. Qd3 Qc7 21. Qe4 Rh4 22. Re1 Rg8 23. Bf4 Bd6 24. Bxd6 Qxd6 25. c5 Qd5 26. Qc2 Rh1 27. Bd3 Rgh8 28. Bxg6+ Kg7 29. Be4 Qc4+ 30. Qxc4 Rxg1+ 31. Kxg1 Nxc4 32. b3 Na3 33. Bd3 Kf7 34. f3 a6 35. Kf2 Nb5 36. Bxb5 axb5 37. a4 bxa4 38. bxa4 Ra8 39. Rb1 Ra7 40. Ke3 Kg6 41. Rb4 Kg5 42. Ke4 Kh6 43. f4 Kg7 44. Rb1 Kh6 45. f5 e5 46. dxe5 Rxa4+ 47. Kd3 fxe5 48. g5+ Kh7 49. Rxb7+ Kg8 50. f6 Kf8 51. Rg7 Rd4+ 52. Ke3 Rg4 53. Kf3 Rc4 54. Re7 Rf4+ 55. Kg3 Ra4 56. g6 Rf4 57. g7+ Kg8 58. Re8+ Kh7 59. g8=Q+ 1-0

[Event "Asuncion"]
[Site "Asuncion PAR"]
[Date "1992.??.??"]
[Round "2"]
[White "Playa, Marcelo"]
[Black "Soppe, Guillermo G"]
[Result "1-0"]
[WhiteElo "2390"]
[BlackElo "2440"]
[PlyCount "83"]
[EventDate "1992.04.??"]
[Source "www.chesslib.no"]
[SourceDate "2004.05.04"]

1. e4 d5 2. exd5 Qxd5 3. Nc3 Qa5 4. d4 Nf6 5. Nf3 Bg4 6. h3 Bh5 7. g4 Bg6 8. Ne5 e6 9. Bg2 c6 10. h4 Nbd7 11. Nxd7 Kxd7 12. d5 exd5 13. h5 Re8+ 14. Kf1 Be4 15. f3 Qa6+ 16. Ne2 Bd6 17. fxe4 Nxe4 18. Qd3 Qb6 19. Bxe4 Rxe4 20. Nc3 Re6 21. Rh3 Rhe8 22. Bd2 Qb4 23. Nxd5 Qxg4 24. Nf4 Rf6 25. Re1 Rxe1+ 26. Kxe1 Kc8 27. Ne2 Qg2 28. Kd1 Qf1+ 29. Be1 Be5 30. Re3 Rd6 31. Rxe5 Rxd3+ 32. cxd3 f6 33. Re7 Qf3 34. Rxg7 Qxh5 35. Bg3 Qd5 36. Kd2 Qxa2 37. Rc7+ Kd8 38. Rxb7 Qa5+ 39. Ke3 Qa6 40. Rxh7 Qb6+ 41. Nd4 Ke8 42. Bd6 1-0

[Event "Master Open"]
[Site "Voronezh"]
[Date "2003.06.12"]
[Round "1"]
[White "Zakhartsov, V."]
[Black "Gutkis, V."]
[Result "1-0"]
[WhiteElo "2515"]
[BlackElo "2310"]
[PlyCount "60"]
[EventDate "2003.06.12"]
[Source "Roberto Alvarez"]
[SourceDate "2003.07.07"]

1. e4 d5 2. exd5 Qxd5 3. Nc3 Qa5 4. d4 Nf6 5. Nf3 Bg4 6. h3 Bxf3 7. Qxf3 c6 8. Bc4 e6 9. Bd2 Qb6 10. O-O-O Nbd7 11. Bb3 Be7 12. g4 Qa6 13. g5 Nd5 14. Ne4 b5 15. h4 b4 16. h5 h6 17. Rhg1 Qb5 18. Qg3 Qb8 19. Qf3 a5 20. gxh6 gxh6 21. Rg7 f5 22. Ng3 Qd6 23. Nxf5 exf5 24. Bxd5 cxd5 25. Re1 O-O-O 26. Rgxe7 Qc6 27. Kb1 Qc4 28. Qf4 a4 29. b3 Qb5 30. Qd6 Qb6 1-0

[Event "CAN-ch"]
[Site "Ottawa"]
[Date "1984.??.??"]
[Round "11"]
[White "Kopec, Danny"]
[Black "Pelts, Roman"]
[Result "1/2-1/2"]
[WhiteElo "2390"]
[BlackElo "2435"]
[PlyCount "60"]
[EventDate "1984.??.??"]
[Source "ChessBase"]

1. e4 d5 2. exd5 Qxd5 3. Nc3 Qa5 4. d4 Nf6 5. Nf3 Bg4 6. h3 Bxf3 7. Qxf3 c6 8. Bd2 Nbd7 9. O-O-O e6 10. Bc4 Qc7 11. Rhe1 O-O-O 12. Bb3 h6 13. Kb1 Kb8 14. a4 Nb6 15. Ne4 Nxe4 16. Rxe4 Nd5 17. Ree1 Nf6 18. Bc1 Ka8 19. Rd3 Bd6 20. c4 Qd7 21. Red1 Qe7 22. a5 a6 23. Ba4 Bb8 24. Rb3 Rc8 25. Bd2 Rhd8 26. Bb4 Bd6 27. Bc3 Bb8 28. Bb4 Qc7 29. Rbd3 Ba7 30. Bc3 Qe7 1/2-1/2

[Event "Corrientes zt"]
[Site "Corrientes"]
[Date "1985.??.??"]
[Round "14"]
[White "Gomez Baillo, Jorge H"]
[Black "Cifuentes Parada, Roberto"]
[Result "1/2-1/2"]
[WhiteElo "2370"]
[BlackElo "2455"]
[PlyCount "36"]
[EventDate "1985.??.??"]
[Source "www.chesslib.no"]
[SourceDate "2004.05.04"]

1. e4 d5 2. exd5 Qxd5 3. Nc3 Qa5 4. d4 Nf6 5. Nf3 Bg4 6. h3 Bh5 7. Be2 e6 8. Ne5 Bxe2 9. Qxe2 c6 10. O-O Be7 11. Bg5 Qc7 12. Rad1 O-O 13. Rd3 Nbd7 14. Re1 Rad8 15. Kh1 a6 16. Bf4 Bd6 17. Bg5 Be7 18. Bf4 Bd6 1/2-1/2

[Event "XXXI Open"]
[Site "Barbera del Valles SPA"]
[Date "2008.07.09"]
[Round "5"]
[White "Perpinya Rofes, L."]
[Black "Perez Mitjans, O."]
[Result "1/2-1/2"]
[WhiteElo "2385"]
[BlackElo "2438"]
[PlyCount "154"]
[EventDate "2008.07.04"]
[Source "www.chesslib.no"]
[SourceDate "2004.05.04"]

1. e4 d5 2. exd5 Qxd5 3. Nc3 Qa5 4. d4 Nf6 5. Nf3 Bg4 6. h3 Bh5 7. g4 Bg6 8. Ne5 e6 9. h4 Bb4 10. Bd2 Nbd7 11. Nc4 Qa6 12. Rh3 Qc6 13. h5 Be4 14. h6 gxh6 15. Ne5 Qb6 16. Nxd7 Kxd7 17. Rxh6 Bg6 18. Qf3 Bxc3 19. Bxc3 Nd5 20. O-O-O Qc6 21. Bd3 Nxc3 22. Qxc6+ Kxc6 23. bxc3 Rag8 24. f3 Bxd3 25. cxd3 Rg6 26. Rdh1 Rxh6 27. Rxh6 Kd6 28. Kd2 Ke7 29. Ke3 Kf8 30. g5 Kg7 31. f4 Rd8 32. c4 Rd6 33. Rh2 Ra6 34. Rb2 b6 35. Rh2 Ra5 36. Ke4 c6 37. Ke3 Rf5 38. Ke4 b5 39. Rh5 b4 40. Rh2 Ra5 41. Rb2 f5+ 42. Ke3 Ra4 43. Kf3 a5 44. Re2 Ra3 45. Ke3 h5 46. gxh6+ Kxh6 47. Rg2 Kh5 48. Rc2 Kh4 49. Rf2 Kg3 50. Rf3+ Kg4 51. Rf2 Kg3 52. Rf3+ Kg2 53. Rf2+ Kg1 54. Rd2 Rc3 55. Kf3 a4 56. Rd1+ Kh2 57. Rd2+ Kh3 58. Rd1 Rc2 59. Rh1+ Rh2 60. Rb1 Rxa2 61. Rxb4 a3 62. Rb8 Kh2 63. Ra8 Kg1 64. Ke3 Ra1 65. d5 exd5 66. cxd5 cxd5 67. Kd4 Kf2 68. Kxd5 a2 69. Ke6 Re1+ 70. Kxf5 a1=Q 71. Rxa1 Rxa1 72. d4 Ke3 73. Ke5 Ra4 74. f5 Rxd4 75. f6 Rf4 76. Ke6 Ke4 77. f7 Rf2 1/2-1/2

[Event "ISR-chT"]
[Site "Israel"]
[Date "1999.04.21"]
[Round "9"]
[White "Kundin, Alexander"]
[Black "Berkovich, Mark A"]
[Result "0-1"]
[WhiteElo "2400"]
[BlackElo "2420"]
[PlyCount "66"]
[EventDate "1999.01.??"]
[Source "ChessBase"]
[SourceDate "1999.06.08"]

1. e4 d5 2. exd5 Qxd5 3. Nc3 Qa5 4. d4 Nf6 5. Nf3 Bg4 6. h3 Bh5 7. g4 Bg6 8. Ne5 e6 9. h4 Ne4 10. Bd2 Nxc3 11. bxc3 Qd5 12. Rh3 Nd7 13. h5 Nxe5 14. dxe5 Qxe5+ 15. Re3 Be4 16. Qe2 f5 17. gxf5 exf5 18. f3 Bc5 19. fxe4 Bxe3 20. Qxe3 O-O-O 21. exf5 Qa5 22. Bc4 Kb8 23. Be6 g6 24. c4 Rxd2 25. Qxd2 Qe5+ 26. Kf2 Qxa1 27. c3 Qh1 28. Qd4 Rf8 29. hxg6 hxg6 30. Qg7 Qh4+ 31. Kg2 Rd8 32. Qe5 Qg4+ 33. Kf2 Rd2+ 0-1

[Event "Moscow RUS"]
[Site "?"]
[Date "2006.02.12"]
[Round "6"]
[White "Erdogdu Mert"]
[Black "Kislinsky Alexey"]
[Result "1/2-1/2"]
[WhiteElo "2373"]
[BlackElo "2445"]
[PlyCount "43"]
[EventDate "2006.??.??"]
[Source "www.chesslib.no"]
[SourceDate "2004.05.04"]

1. e4 d5 2. exd5 Qxd5 3. Nc3 Qa5 4. d4 Nf6 5. Nf3 Bg4 6. h3 Bh5 7. g4 Bg6 8. Ne5 e6 9. h4 Bb4 10. Bd2 Qb6 11. h5 Be4 12. Nxe4 Nxe4 13. c3 Be7 14. Bd3 Nxd2 15. Qxd2 Nd7 16. Nxd7 Kxd7 17. O-O-O Rad8 18. f4 Kc8 19. Qe3 Rd6 20. Qe4 Qb5 21. Qe5 Qxe5 22. dxe5 1/2-1/2

[Event "TCh-BEL 2003-4"]
[Site "Belgium"]
[Date "2004.01.11"]
[Round "6"]
[White "Saltaev, Mihail"]
[Black "Docx, Stefan"]
[Result "1-0"]
[WhiteElo "2484"]
[BlackElo "2334"]
[PlyCount "109"]
[EventDate "2004.01.01"]
[Source "Roberto Alvarez"]
[SourceDate "2004.02.09"]

1. e4 d5 2. exd5 Qxd5 3. Nc3 Qa5 4. d4 Nf6 5. Nf3 Bg4 6. h3 Bh5 7. g4 Bg6 8. Ne5 e6 9. Bd2 Qb6 10. Qe2 Qxd4 11. O-O-O c6 12. Bg2 Nbd7 13. Nc4 Nd5 14. Be1 Qf4+ 15. Kb1 O-O-O 16. Ne4 Nc5 17. Nxc5 Bxc5 18. Ne5 Bxc2+ 19. Kxc2 Qa4+ 20. Kc1 Nf4 21. Rxd8+ Rxd8 22. Qf3 Nxg2 23. Bc3 Nf4 24. Re1 g5 25. Kb1 f6 26. b3 Qb5 27. Nc4 Rd3 28. Re3 Rd7 29. Bxf6 Bxe3 30. Qxe3 b6 31. h4 h6 32. hxg5 hxg5 33. Be5 Qd5 34. Bxf4 gxf4 35. Qxf4 Qd3+ 36. Kb2 Qd4+ 37. Qxd4 Rxd4 38. f3 Rd3 39. Ne5 Re3 40. f4 Kc7 41. g5 Re2+ 42. Kc3 Rxa2 43. g6 Kd6 44. Kd3 c5 45. Ke4 Re2+ 46. Kf3 Rxe5 47. g7 Rd5 48. g8=Q Rd3+ 49. Ke4 Rxb3 50. Qb8+ Kc6 51. Qxa7 Rb1 52. Qe7 Re1+ 53. Kd3 Rd1+ 54. Ke3 Rd6 55. Ke4 1-0